[Event "Warsaw Najdorf Memorial op-B"]
[Site "Warsaw"]
[Date "2011.07.14"]
[Round "1"]
[White "Kowara, Magdalena"]
[Black "Grochowski, Stefan"]
[Result "1-0"]
[WhiteElo "1876"]
[BlackElo "1554"]
[PlyCount "105"]
[EventDate "2011.07.14"]
[EventType "swiss"]
[EventRounds "9"]
[EventCountry "POL"]
[SourceTitle "EXT 2012"]
[Source "ChessBase"]
[SourceDate "2011.11.24"]
[SourceVersion "1"]
[SourceVersionDate "2011.11.24"]
[SourceQuality "1"]

1. e4 d6 2. d4 Nf6 3. Nc3 g6 4. Bc4 Bg7 5. Nf3 Nc6 6. h3 Nxe4 7. Bxf7+ Kxf7 8. Nxe4 Rf8 9. c3 Kg8 10. 0-0 Bf5 11. Ng3 Kh8 12. d5 Ne5 13. Nd4 Bd7 14. Qe2 Qc8 15. f4 c5 16. Ne6 Bxe6 17. dxe6 Nc6 18. f5 Ne5 19. Bg5 Bf6 20. Ne4 Bxg5 21. Nxg5 Rxf5 22. Rxf5 gxf5 23. Rf1 Qg8 24. Rxf5 Rf8 25. Qe4 Rxf5 26. Qxf5 h6 27. Ne4 Kg7 28. Ng3 Qf8 29. Qe4 b6 30. Qh4 Kh7 31. Nh5 Ng6 32. Qe4 Qg8 33. Nf4 Qg7 34. h4 h5 35. Qf5 Qf6 36. Qxf6 exf6 37. Nxh5 f5 38. Nf6+ Kg7 39. Ne8+ Kf8 40. Nxd6 Nxh4 41. g3 Nf3+ 42. Kf2 Ne5 43. Nxf5 Nd3+ 44. Ke3 Nxb2 45. e7+ Ke8 46. Ke4 Nc4 47. Kd5 Ne3+ 48. Nxe3 Kxe7 49. Ke5 a5 50. Nd5+ Kf7 51. Nxb6 Kg6 52. Kf4 Kf6 53. Nd7+ 1-0